| Tag |
First Indicator |
Second Indicator |
Subfields |
| LEADER |
00000cam a22000003a 4500 |
| 001 |
in00005488939 |
| 006 |
m o d |
| 007 |
cr mn|024mpadp |
| 008 |
900620s1855 enk o 000 0 eng d |
| 005 |
20240917182423.3 |
| 035 |
|
|
|a (OCoLC)ocn557607081
|
| 040 |
|
|
|a UKMGB
|b eng
|c UKMGB
|d OCLCO
|d OCLCQ
|d UKMGB
|d UKAMD
|d OCLCO
|d OCLCF
|d OCLCO
|d OCLCL
|
| 016 |
7 |
|
|a 014830948
|2 Uk
|
| 035 |
|
|
|a (OCoLC)557607081
|
| 050 |
|
4 |
|a DS48
|
| 082 |
0 |
4 |
|a 915.6041
|2 23
|
| 049 |
|
|
|a TXAM
|
| 100 |
1 |
|
|a Tobin, Catherine,
|c Lady.
|
| 245 |
1 |
0 |
|a Shadows of the East ; or, slight sketches of scenery, persons and customs, from observations during a tour in 1853 and 1854, in Egypt, Palestine, Syria, Turkey, and Greece ... With maps and illustrations.
|
| 260 |
|
|
|a London,
|c 1855.
|
| 300 |
|
|
|a 1 online resource
|
| 336 |
|
|
|a text
|b txt
|2 rdacontent
|
| 337 |
|
|
|a computer
|b c
|2 rdamedia
|
| 338 |
|
|
|a online resource
|b cr
|2 rdacarrier
|
| 340 |
|
|
|m 8vo.
|2 rdabf
|
| 600 |
1 |
0 |
|a Tobin, Catherine,
|c Lady
|x Travel
|z Middle East.
|
| 600 |
1 |
0 |
|a Tobin, Catherine,
|c Lady
|x Travel
|z Europe.
|
| 651 |
|
0 |
|a Middle East
|x Description and travel.
|
| 651 |
|
0 |
|a Europe
|x Description and travel.
|
| 651 |
|
6 |
|a Europe
|x Descriptions et voyages.
|
| 650 |
|
7 |
|a Travel.
|2 fast
|0 (OCoLC)fst01155558
|
| 651 |
|
7 |
|a Europe.
|2 fast
|0 (OCoLC)fst01245064
|1 https://id.oclc.org/worldcat/entity/E39PBJxCxPbbk4CPJDQJb4r6rq
|
| 651 |
|
7 |
|a Middle East.
|2 fast
|0 (OCoLC)fst01241586
|
| 655 |
|
7 |
|a Electronic books.
|2 local
|
| 710 |
2 |
|
|a Adam Matthew Digital (Firm),
|e digitiser.
|
| 758 |
|
|
|i has work:
|a Shadows of the East; or, slight sketches of scenery, persons and customs, from observations during a tour in 1853 and 1854, in Egypt, Palestine, Syria, Turkey, and Greece ... With maps and illustrations (Text)
|1 https://id.oclc.org/worldcat/entity/E39PCGbjYG4kHKRDqqTkQxVxKq
|4 https://id.oclc.org/worldcat/ontology/hasWork
|
| 856 |
4 |
0 |
|u http://proxy.library.tamu.edu/login?url=https://www.amscholar.amdigital.co.uk/Documents/Details/ColonialDiscourses_Part3_Reel65_Vol2
|z Connect to the full text of this electronic book
|t 0
|
| 955 |
|
|
|a Adam Matthew Scholar Women's Studies
|
| 994 |
|
|
|a 92
|b TXA
|
| 999 |
f |
f |
|s e388fc83-dfc4-485f-bf03-d8d2024ed91b
|i 96ff5748-b33c-44ad-97c6-607155bc4f42
|t 0
|
| 952 |
f |
f |
|a Texas A&M University
|b College Station
|c Electronic Resources
|d Available Online
|t 0
|e DS48
|h Library of Congress classification
|
| 998 |
f |
f |
|a DS48
|t 0
|l Available Online
|